Culture Générale - Série 622 - Statistiques

Statistiques générales
  • Ce quiz a été pris 218 fois
  • Le résultat moyen est 6 sur 10
Statistiques - réponses
Question Réponse % Correct
Quel est le féminin de l'adjectif "oblong" ? oblongue
87%
Que doit-on ajouter à la bière pour obtenir un panaché ? limonade
85%
Quelle ville de l'Aude est connue pour sa cité médiévale, classée au Patrimoine mondial depuis 1997 ? Carcassonne
78%
Dans quelle ville française s'est déroulée la révolte des Canuts en 1831 ? Lyon
77%
Selon la légende, quel savant se serait écrié “Eurêka !” en découvrant le principe qui porte désormais son nom ? Archimède
75%
Selon les paroles d'une chanson des Beatles de 1965, quel prénom allait très bien avec "ma belle" ? Michelle
64%
Dans le film d'animation "Le Roi lion", quel est le nom du phacochère ? Pumbaa
36%
Quel mot cachait-on autrefois derrière le juron "diantre" ? diable
33%
Qui est l'auteur du générique de l'émission "La Chance aux chansons" ? Charles Trenet
22%
Quel inspecteur prénommé Harry, créé par le romancier Michael Connelly, porte le nom d'un peintre néerlandais du XVe siècle ? Bosch
11%
Aucun quiz correspondant
Distribution des résultats
% des personnes avec chaque résultat
Percentile par nombre de réponses
Votre historique - résultats
Vous n’avez pas pris ce quiz